UBT Library

TE KUPTUARIT E PARIMEVE MBI TE DREJTAT E NJERIUT (Record no. 12679)

000 -LEADER
fixed length control field 00287nam a22001217a 4500
008 - FIXED-LENGTH DATA ELEMENTS--GENERAL INFORMATION
fixed length control field 170504b xxu||||| |||| 00| 0 eng d
041 ## - LANGUAGE CODE
Language code of text/sound track or separate title ALB
080 ## - UNIVERSAL DECIMAL CLASSIFICATION NUMBER
Universal Decimal Classification number 347
100 ## - Rafti
Rafti 14
101 ## - Shkurtesa
Shkurtesa SHM
245 ## - TITLE STATEMENT
Title TE KUPTUARIT E PARIMEVE MBI TE DREJTAT E NJERIUT
Statement of responsibility, etc JOWELL, J
942 ## - ADDED ENTRY ELEMENTS (KOHA)
Source of classification or shelving scheme
Item type Books
Holdings
Withdrawn status Lost status Source of classification or shelving scheme Damaged status Not for loan Collection code Permanent location Current location Shelving location Date acquired Total Checkouts Full call number Barcode Date last seen Price effective from Koha item type
          Koleksioni i përgjithshem UBT - Lipjan UBT - Lipjan Koleksioni i përgjithshem 05/04/2017   347 JOW 002-284021 05/04/2017 05/04/2017 Books
UBT Library © 2015-2024. All rights reserved University Education for Business and Technology